000 00340nam a2200157Ia 4500
008 230711s9999||||xx |||||||||||||| ||und||
041 _aENG
082 _a800
_bLA-S
100 _aLawrence,D.H
245 0 _aSons and Lovers
250 _a1st Ed.
260 _c1974
_aNew DElhi
_bBSP
300 _a403
650 _aLiterature
942 _cBK
999 _c1979
_d1979